000 00675nam a2200217 i 4500
001 77837
003 ES-MaACL
005 20230906173412.0
007 t|
008 041111s1989 sp ||||1| spa d
020 _a84-206-9601-3
080 _a539.1(091)
100 1 _aHey, Tony.
_963517
245 1 3 _aEl universo cuántico /
_cTony Hey, Patrick Walters ; versión española de Ana Gómez Antón.
260 _aMadrid :
_bAlianza Editorial,
_c[1989]
300 _a211 p. :
_bil. ;
_c26 cm.
650 1 4 _aMecánica cuántica-
_xHistoria.
_914876
700 1 _aWalters, Patrick.
_9116015
700 1 _aGómez Antón, Ana.
_957814
852 _aES-MaACL
_jL-28422
_bR.134531
999 _c77837
_d77837